[Event "USA-ch Seniors"]
[Site "Saint Louis"]
[Date "2023.07.19"]
[Round "5"]
[White "Root, Douglas"]
[Black "Gurevich, Dmitry"]
[Result "0-1"]
[WhiteElo "2469"]
[BlackElo "2364"]
[PlyCount "60"]
[EventDate "2023.07.15"]
[EventType "tourn"]
[EventRounds "9"]
[EventCountry "USA"]
[EventCategory "10"]
[SourceTitle "CBM 215 Extra"]
[Source "ChessBase"]
[SourceDate "2023.09.30"]
[SourceVersion "1"]
[SourceVersionDate "2023.09.30"]
[SourceQuality "1"]

1. d4 d5 2. Nf3 e6 3. e3 c5 4. c3 Nc6 5. Bd3 Bd6 6. Nbd2 cxd4 7. exd4 Nge7 8. 0-0 Ng6 9. Re1 0-0 10. Nf1 h6 11. Ne3 Bd7 12. Bd2 a6 13. Qc2 Nf4 14. Bf1 Rc8 15. Ng4 Ng6 16. Nge5 Nxd4 17. Qd1 Nxf3+ 18. Nxf3 e5 19. Qb3 Bc6 20. a4 d4 21. c4 Bb8 22. Bb4 Re8 23. Red1 Qf6 24. c5 Rcd8 25. Nd2 e4 26. Nc4 Bd5 27. Qa3 Bxc4 28. Bxc4 Ne5 29. Be2 d3 30. Ba5 Rc8 0-1

[Event "US op Irwin 122nd"]
[Site "Rancho Mirage"]
[Date "2022.08.01"]
[Round "5"]
[White "Sokolin, Leonid M"]
[Black "Root, Douglas"]
[Result "0-1"]
[WhiteElo "2460"]
[BlackElo "2464"]
[PlyCount "133"]
[EventDate "2022.07.30"]
[EventType "swiss"]
[EventRounds "6"]
[EventCountry "USA"]
[SourceTitle "CBM 209 Extra"]
[Source "ChessBase"]
[SourceDate "2022.09.30"]
[SourceVersion "1"]
[SourceVersionDate "2022.09.30"]
[SourceQuality "1"]

1. e4 e6 2. d4 d5 3. Nd2 Nf6 4. e5 Nfd7 5. Bd3 c5 6. c3 Nc6 7. Ne2 cxd4 8. cxd4 f6 9. exf6 Nxf6 10. Nf3 Bd6 11. 0-0 0-0 12. Bf4 Bxf4 13. Nxf4 Ne4 14. Ne2 Bd7 15. Bxe4 dxe4 16. Nd2 Qb6 17. Nc4 Qa6 18. b3 Be8 19. Qd2 Rd8 20. Qe3 Nb4 21. Qxe4 Bg6 22. Qg4 Bf5 23. Qh5 Bd3 24. f4 Nc2 25. Rac1 Nxd4 26. Nxd4 Bxf1 27. Qe5 Bxc4 28. Rxc4 Rd5 29. Qxe6+ Qxe6 30. Nxe6 Re8 31. Ng5 Rd2 32. h3 h6 33. Nf3 Rxa2 34. Ne5 Rb2 35. b4 Kh7 36. h4 h5 37. Kh2 b5 38. Rd4 Rc8 39. Nf3 Rc4 40. Rd5 Rxf4 41. Rxh5+ Kg6 42. Rg5+ Kf6 43. Kg3 Rbxb4 44. Rd5 a5 45. Rd6+ Ke7 46. Ra6 Rg4+ 47. Kh3 a4 48. h5 Rge4 49. Ra7+ Kf6 50. Ra6+ Re6 51. Ra8 Rb3 52. Rf8+ Ke7 53. Rg8 Kf7 54. Ra8 Re4 55. Ra7+ Kg8 56. Ra8+ Kh7 57. Kh2 Rxf3 58. gxf3 Rh4+ 59. Kg3 Rxh5 60. Kf4 Rc5 61. Ke4 Rc4+ 62. Ke5 Rc3 63. f4 a3 64. f5 b4 65. Ra7 Rf3 66. Ra4 Rf1 67. Ke6 0-1

[Event "US op Irwin 122nd"]
[Site "Rancho Mirage"]
[Date "2022.07.31"]
[Round "2"]
[White "Root, Douglas"]
[Black "Readey, John"]
[Result "1-0"]
[WhiteElo "2464"]
[BlackElo "2186"]
[PlyCount "49"]
[EventDate "2022.07.30"]
[EventType "swiss"]
[EventRounds "6"]
[EventCountry "USA"]
[SourceTitle "CBM 209 Extra"]
[Source "ChessBase"]
[SourceDate "2022.09.30"]
[SourceVersion "1"]
[SourceVersionDate "2022.09.30"]
[SourceQuality "1"]

1. e4 c6 2. d4 d5 3. Nc3 dxe4 4. Nxe4 Nf6 5. Nxf6+ exf6 6. c3 Bd6 7. Bd3 0-0 8. Qc2 Re8+ 9. Ne2 h5 10. 0-0 h4 11. Bd2 Nd7 12. Rae1 Nf8 13. Nf4 Ne6 14. Nh5 Qa5 15. g4 hxg3 16. Nxg3 Qc7 17. Re4 Bd7 18. Rh4 Bf4 19. Bc4 Bxg3 20. Qh7+ Kf8 21. fxg3 Qd8 22. Re4 Ke7 23. Qxg7 Kd6 24. Qxf7 Qe7 25. Bf4+ 1-0

[Event "US op Irwin 121st"]
[Site "Cherry Hill"]
[Date "2021.08.01"]
[Round "2"]
[White "Root, Douglas"]
[Black "Szpisjak, Steven"]
[Result "1-0"]
[WhiteElo "2465"]
[BlackElo "2062"]
[PlyCount "87"]
[EventDate "2021.07.31"]
[EventType "swiss"]
[EventRounds "6"]
[EventCountry "USA"]
[SourceTitle "EXT 2022"]
[Source "ChessBase"]
[SourceDate "2021.10.06"]
[SourceVersion "1"]
[SourceVersionDate "2021.10.06"]
[SourceQuality "1"]

1. e4 e5 2. Nf3 Nc6 3. d4 exd4 4. c3 d5 5. exd5 Qxd5 6. cxd4 Bb4+ 7. Nc3 Nf6 8. Be2 0-0 9. 0-0 Bxc3 10. bxc3 Bf5 11. c4 Qe4 12. d5 Nb4 13. Nd4 Rfe8 14. f3 Qe5 15. f4 Qe4 16. Bf3 Qd3 17. Nxf5 Qxf5 18. a3 Na6 19. Qd4 Nd7 20. Bb2 Qf6 21. Qxf6 gxf6 22. Bg4 Nac5 23. Bf5 Re2 24. Bc3 Rae8 25. Rf3 R8e3 26. Raf1 h6 27. Bd4 Rxf3 28. Rxf3 b6 29. Rg3+ Kh8 30. Bc3 Re8 31. Kf1 Rg8 32. Re3 Rd8 33. g4 Kg7 34. g5 hxg5 35. fxg5 Kf8 36. gxf6 Re8 37. Rh3 Kg8 38. Rg3+ Kh8 39. Rh3+ Kg8 40. Bh7+ Kh8 41. Bd2 Nxf6 42. Bc3 Kg7 43. Bf5 Nce4 44. Bxe4 1-0

[Event "US Open-109"]
[Site "Dallas"]
[Date "2008.08.09"]
[Round "8"]
[White "Root, Douglas"]
[Black "Dean, Jim H"]
[Result "1-0"]
[WhiteElo "2470"]
[BlackElo "2243"]
[PlyCount "59"]
[EventDate "2008.08.02"]
[EventType "swiss"]
[EventRounds "9"]
[EventCountry "USA"]
[SourceTitle "CBM 125 Extra"]
[Source "ChessBase"]
[SourceDate "2008.09.01"]
[SourceVersion "1"]
[SourceVersionDate "2008.09.01"]
[SourceQuality "1"]

1. d4 d5 2. Nf3 Nf6 3. e3 e6 4. Bd3 c5 5. c3 Nc6 6. Nbd2 Bd6 7. 0-0 0-0 8. dxc5 Bxc5 9. e4 Qc7 10. Qe2 h6 11. Kh1 Bb6 12. Bc2 Bd7 13. h3 Nh5 14. Nb3 Bxf2 15. Qxf2 dxe4 16. Nfd4 Ng3+ 17. Kg1 Nxf1 18. Kxf1 f5 19. Nc5 Ne5 20. Ndxe6 Bxe6 21. Nxe6 Qc4+ 22. Qe2 Qxe2+ 23. Kxe2 Rf6 24. Bb3 Kh8 25. Be3 Nd3 26. Rf1 Re8 27. Nc7 Ref8 28. Nd5 R6f7 29. Nb4 Rd7 30. Be6 1-0

[Event "US Open-109"]
[Site "Dallas"]
[Date "2008.08.05"]
[Round "4"]
[White "Root, Douglas"]
[Black "Haskel, Jeffrey"]
[Result "1/2-1/2"]
[WhiteElo "2470"]
[BlackElo "2101"]
[PlyCount "131"]
[EventDate "2008.08.02"]
[EventType "swiss"]
[EventRounds "9"]
[EventCountry "USA"]
[SourceTitle "CBM 125 Extra"]
[Source "ChessBase"]
[SourceDate "2008.09.01"]
[SourceVersion "1"]
[SourceVersionDate "2008.09.01"]
[SourceQuality "1"]

1. d4 Nf6 2. Nf3 e6 3. Nbd2 c5 4. e4 cxd4 5. e5 Nd5 6. Nxd4 d6 7. exd6 Bxd6 8. g3 e5 9. N4b3 Be6 10. Bg2 Nc6 11. Ne4 Be7 12. 0-0 Qb6 13. Ng5 Bxg5 14. Bxg5 h6 15. Qh5 0-0 16. c4 Nde7 17. Bxe7 Nxe7 18. Qxe5 Rac8 19. Rfc1 Rfe8 20. Qd4 Red8 21. Qxb6 axb6 22. Bxb7 Rxc4 23. Rxc4 Bxc4 24. Rc1 Bxb3 25. axb3 Rd2 26. Rc7 Kf8 27. Ba8 Ke8 28. Rb7 Rd8 29. Ra7 Rd3 30. Ra3 b5 31. Be4 Rd4 32. Bg2 Kd7 33. Kf1 Kc7 34. Ke1 Kb6 35. Ra8 Nf5 36. Rc8 Nd6 37. Rc6+ Ka5 38. Bf3 g6 39. g4 Kb4 40. Bd1 Ne4 41. Be2 Kxb3 42. Bxb5 Kxb2 43. f3 Nd6 44. Be2 f5 45. Rc7 fxg4 46. fxg4 h5 47. Rg7 hxg4 48. Rxg6 Kc3 49. Kf2 Nf5 50. Bxg4 Rf4+ 51. Kg1 Ne3 52. h3 Kd4 53. Kh2 Rf1 54. Kg3 Rg1+ 55. Kf4 Rf1+ 56. Kg5 Rg1 57. Re6 Rf1 58. Re8 Rg1 59. Kf4 Nd5+ 60. Kf5 Ne3+ 61. Kg5 Rf1 62. Kh5 Nd5 63. Kg6 Ne3 64. Be2 Rg1+ 65. Kh5 Nd5 66. Rd8 1/2-1/2

[Event "US Open-92"]
[Site "Los Angeles"]
[Date "1991.??.??"]
[Round "?"]
[White "Ivanov, Alexander"]
[Black "Root, Douglas"]
[Result "1/2-1/2"]
[WhiteElo "2565"]
[BlackElo "2460"]
[PlyCount "93"]
[EventDate "1991.07.28"]
[EventType "swiss"]
[EventRounds "12"]
[EventCountry "USA"]
[SourceTitle "EXT 2000"]
[Source "ChessBase"]
[SourceDate "1999.11.16"]
[SourceVersion "1"]
[SourceVersionDate "1999.11.16"]
[SourceQuality "1"]

1. e4 e6 2. d4 d5 3. Nd2 Nf6 4. e5 Nfd7 5. c3 c5 6. f4 Nc6 7. Ndf3 Qb6 8. a3 Be7 9. b4 cxd4 10. cxd4 f6 11. Bd3 0-0 12. Ne2 Rf7 13. h4 Nf8 14. Be3 Bd7 15. Bf2 Nd8 16. 0-0 Bb5 17. exf6 Bxf6 18. Rc1 Qa6 19. Bxb5 Qxb5 20. h5 Nd7 21. Nc3 Qa6 22. f5 Qxa3 23. Nb5 Qxb4 24. Nc7 Nb6 25. Nxa8 Nxa8 26. fxe6 Nxe6 27. Rc8+ Rf8 28. Rxf8+ Nxf8 29. Qa1 a6 30. Rb1 Qe7 31. Qc3 Qd7 32. Bg3 Ne6 33. Ne5 Bxe5 34. Bxe5 h6 35. Qb4 b5 36. Ra1 Nac7 37. Qa3 Qd8 38. Qc3 Qh4 39. Rc1 b4 40. Qxb4 Nb5 41. Rc8+ Kf7 42. Qb1 Qxh5 43. Qf1+ Kg6 44. Rc6 Qg4 45. Rxa6 Nbxd4 46. Qd3+ Kh5 47. Bxd4 1/2-1/2

[Event "Northern California Masters"]
[Site "Berkeley"]
[Date "1990.??.??"]
[Round "3"]
[White "Donaldson, John W"]
[Black "Root, Douglas"]
[Result "1-0"]
[WhiteElo "2400"]
[BlackElo "2450"]
[PlyCount "27"]
[EventDate "1990.??.??"]
[EventType "swiss"]
[EventRounds "5"]
[EventCountry "USA"]
[SourceTitle "EXT 2000"]
[Source "ChessBase"]
[SourceDate "1999.11.16"]
[SourceVersion "1"]
[SourceVersionDate "1999.11.16"]
[SourceQuality "1"]

1. Nf3 Nf6 2. g3 b5 3. Bg2 Bb7 4. 0-0 e6 5. b3 Be7 6. Bb2 0-0 7. c4 bxc4 8. bxc4 c5 9. d3 Nc6 10. Nbd2 Rb8 11. Rb1 Qa5 12. a3 Ba8 13. Qc2 d6 14. Bc3 1-0

[Event "California m"]
[Site "California"]
[Date "1990.??.??"]
[Round "3"]
[White "Root, Douglas"]
[Black "Silman, Jeremy D"]
[Result "1/2-1/2"]
[WhiteElo "2450"]
[BlackElo "2390"]
[PlyCount "39"]
[EventDate "1990.??.??"]
[EventType "match"]
[EventRounds "6"]
[EventCountry "USA"]
[SourceTitle "EXT 1997"]
[Source "ChessBase"]
[SourceDate "1996.11.15"]
[SourceVersion "1"]
[SourceVersionDate "1996.11.15"]
[SourceQuality "1"]

1. d4 Nf6 2. Nf3 e6 3. Nbd2 d5 4. e3 c5 5. c3 Nc6 6. Bd3 Bd6 7. 0-0 0-0 8. dxc5 Bxc5 9. e4 Qc7 10. Qe2 h6 11. h3 Nh5 12. Nb3 Ng3 13. Qd1 Nxe4 14. Bxe4 dxe4 15. Nxc5 exf3 16. Qxf3 Ne5 17. Qe3 b6 18. Nd3 Nxd3 19. Qxd3 Bb7 20. Be3 1/2-1/2

[Event "Northern California Masters"]
[Site "Berkeley"]
[Date "1990.??.??"]
[Round "5"]
[White "Saidy, Anthony Fred"]
[Black "Root, Douglas"]
[Result "0-1"]
[WhiteElo "2380"]
[BlackElo "2450"]
[PlyCount "46"]
[EventDate "1990.??.??"]
[EventType "swiss"]
[EventRounds "5"]
[EventCountry "USA"]
[SourceTitle "EXT 2000"]
[Source "ChessBase"]
[SourceDate "1999.11.16"]
[SourceVersion "1"]
[SourceVersionDate "1999.11.16"]
[SourceQuality "1"]

1. d4 e6 2. c4 b6 3. e4 Bb7 4. Bd3 f5 5. Nc3 Bb4 6. Qh5+ g6 7. Qe2 Nf6 8. Bg5 h6 9. Bxf6 Qxf6 10. Nf3 Nc6 11. a3 Bxc3+ 12. bxc3 0-0 13. 0-0 Rae8 14. Rfe1 Re7 15. Rab1 e5 16. exf5 exd4 17. Qc2 dxc3 18. fxg6 Rfe8 19. Rec1 Ne5 20. Nxe5 Rxe5 21. Qxc3 Bxg2 22. Be2 Qxg6 23. Qg3 Rg5 0-1

[Event "California m"]
[Site "California"]
[Date "1990.??.??"]
[Round "6"]
[White "Silman, Jeremy D"]
[Black "Root, Douglas"]
[Result "0-1"]
[WhiteElo "2390"]
[BlackElo "2450"]
[PlyCount "80"]
[EventDate "1990.??.??"]
[EventType "match"]
[EventRounds "6"]
[EventCountry "USA"]
[SourceTitle "EXT 1997"]
[Source "ChessBase"]
[SourceDate "1996.11.15"]
[SourceVersion "1"]
[SourceVersionDate "1996.11.15"]
[SourceQuality "1"]

1. d4 Nf6 2. c4 g6 3. Nc3 Bg7 4. e4 d6 5. Be2 0-0 6. Bg5 Na6 7. Qd2 e5 8. d5 c6 9. Bd3 Nc5 10. Bc2 Qb6 11. Rb1 Qb4 12. Nge2 h6 13. a3 Qxc4 14. Bxf6 Bxf6 15. b4 Bg5 16. Qd1 cxd5 17. bxc5 d4 18. Nd5 Qxc5 19. 0-0 Be6 20. Bb3 Rac8 21. Kh1 Qxa3 22. f4 Bh4 23. f5 gxf5 24. exf5 Bxd5 25. Bxd5 Rc5 26. Rb3 Qa5 27. Be4 d5 28. Bb1 Rfc8 29. f6 Qa6 30. Ng3 Bg5 31. Bd3 Qa4 32. h4 Rc1 33. Qf3 e4 34. Nxe4 dxe4 35. Qxe4 Rxf1+ 36. Kh2 Bf4+ 37. Kh3 Qd7+ 38. g4 Rh1+ 39. Qxh1 Qe6 40. Rxb7 Qe3+ 0-1

[Event "Philadelphia op"]
[Site "Philadelphia"]
[Date "1987.??.??"]
[Round "?"]
[White "Meyer, E."]
[Black "Root, Douglas"]
[Result "1-0"]
[WhiteElo "2450"]
[BlackElo "2410"]
[PlyCount "87"]
[EventDate "1987.06.??"]
[EventType "swiss"]
[EventRounds "10"]
[EventCountry "USA"]
[SourceTitle "EXT 1997"]
[Source "ChessBase"]
[SourceDate "1996.11.15"]
[SourceVersion "1"]
[SourceVersionDate "1996.11.15"]
[SourceQuality "1"]

1. c4 Nf6 2. Nc3 g6 3. e4 d6 4. d4 Bg7 5. Be2 0-0 6. Nf3 e5 7. 0-0 Nc6 8. d5 Ne7 9. Nd2 c5 10. Rb1 Bd7 11. b4 b6 12. bxc5 bxc5 13. Nb3 Qc7 14. Be3 Rfb8 15. f4 Ne8 16. Qe1 f5 17. g4 exf4 18. Bxf4 Nf6 19. gxf5 Rf8 20. Qg3 Ne8 21. Kh1 gxf5 22. Bh5 fxe4 23. Nxe4 Nf5 24. Qg2 Nf6 25. Bxd6 Nxd6 26. Nxf6+ Kh8 27. Nxd7 Qxd7 28. Nxc5 Qe7 29. Ne6 Rxf1+ 30. Rxf1 Rg8 31. c5 Nc4 32. Bf7 Ne3 33. Qg1 Nxf1 34. Bxg8 Be5 35. Qxf1 Qh4 36. Qe2 Bxh2 37. Qxh2 Qe4+ 38. Kg1 Qe1+ 39. Kg2 Qe2+ 40. Kg3 Qe5+ 41. Nf4 Kxg8 42. Qd2 h5 43. d6 Qg5+ 44. Kf3 1-0

[Event "American op"]
[Site "Los Angeles"]
[Date "1987.??.??"]
[Round "6"]
[White "Root, Douglas"]
[Black "Benjamin, Joel"]
[Result "1/2-1/2"]
[WhiteElo "2410"]
[BlackElo "2575"]
[PlyCount "59"]
[EventDate "1987.11.26"]
[EventType "swiss"]
[EventRounds "8"]
[EventCountry "USA"]
[SourceTitle "EXT 1997"]
[Source "ChessBase"]
[SourceDate "1996.11.15"]
[SourceVersion "1"]
[SourceVersionDate "1996.11.15"]
[SourceQuality "1"]

1. e4 c5 2. Nf3 d6 3. d4 cxd4 4. Nxd4 Nf6 5. Nc3 Nc6 6. Be2 e5 7. Nf3 h6 8. 0-0 Be7 9. Re1 0-0 10. h3 Re8 11. Bf1 Bf8 12. b3 b6 13. Bb2 Bb7 14. Qd2 Rc8 15. Rad1 Nb8 16. Nd5 Nbd7 17. c4 Bxd5 18. cxd5 Nc5 19. Bd3 Qd7 20. Qe2 Nxd3 21. Rxd3 b5 22. Rc3 Rxc3 23. Bxc3 Rc8 24. Rc1 b4 25. Bb2 Rxc1+ 26. Bxc1 Qc7 27. Bb2 Be7 28. Ne1 Bd8 29. Kh2 a5 30. Nd3 1/2-1/2

[Event "Anaheim Labate"]
[Site "Anaheim"]
[Date "1984.02.??"]
[Round "10"]
[White "Root, Douglas"]
[Black "Lucky, David N"]
[Result "1-0"]
[WhiteElo "2370"]
[BlackElo "2270"]
[PlyCount "55"]
[EventDate "1984.02.??"]
[EventType "tourn"]
[EventRounds "11"]
[EventCountry "USA"]
[EventCategory "6"]
[SourceTitle "EXT 2012"]
[Source "ChessBase"]
[SourceDate "2011.11.24"]
[SourceVersion "1"]
[SourceVersionDate "2011.11.24"]
[SourceQuality "1"]

1. d4 Nf6 2. Nf3 e6 3. Nbd2 d5 4. e3 c5 5. c3 Nc6 6. Bd3 Qc7 7. 0-0 e5 8. e4 cxd4 9. cxd4 Bg4 10. dxe5 Bxf3 11. Qxf3 Qxe5 12. exd5 Bd6 13. Qh3 Qxd5 14. Re1+ Ne5 15. Ne4 Qxd3 16. Nxf6+ Kd8 17. Be3 gxf6 18. Rad1 Qa6 19. Bc5 Nc4 20. Qf5 Kc7 21. Rxd6 Nxd6 22. Re7+ Kc6 23. Bxd6 Kxd6 24. Qxf6+ Kd5 25. Re5+ Kc4 26. Qf4+ Kd3 27. Qe3+ Kc2 28. Qb3+ 1-0

[Event "US Open-84"]
[Site "Pasadena"]
[Date "1983.08.17"]
[Round "10"]
[White "Root, Douglas"]
[Black "Weinberger, Tibor"]
[Result "1-0"]
[WhiteElo "2395"]
[BlackElo "2300"]
[PlyCount "82"]
[EventDate "1983.08.07"]
[EventType "swiss"]
[EventRounds "12"]
[EventCountry "USA"]
[SourceTitle "EXT 2015"]
[Source "ChessBase"]
[SourceDate "2014.11.20"]
[SourceVersion "1"]
[SourceVersionDate "2014.11.20"]
[SourceQuality "1"]

1. b3 e5 2. Bb2 Nc6 3. e3 d6 4. Nf3 Nf6 5. Bb5 Bd7 6. d4 e4 7. Nfd2 d5 8. f3 exf3 9. Nxf3 Bb4+ 10. c3 Bd6 11. 0-0 0-0 12. c4 Re8 13. Re1 Nb8 14. Bxd7 Nbxd7 15. cxd5 Ne4 16. Nbd2 f5 17. Nc4 Ndf6 18. a4 Bb4 19. Rf1 Nxd5 20. Qd3 g6 21. Ba3 Bd6 22. b4 Bf8 23. b5 Bh6 24. Rae1 Re6 25. Qb3 Kh8 26. Nce5 Rf6 27. Bc1 Bf8 28. Nd2 Nxd2 29. Bxd2 Bh6 30. Bc1 Qf8 31. e4 Bxc1 32. Rxc1 fxe4 33. Rxf6 Nxf6 34. Nf7+ Kg7 35. Rxc7 Qg8 36. Ng5+ Kh8 37. Qxg8+ Kxg8 38. Rxb7 Rd8 39. Rxa7 Rxd4 40. b6 e3 41. Kf1 Ng4 1-0